000
00208 a2200097 4500
001
34271
100
_a
Collinc, R.O
245
_a
African History
260
_a
NY
_b
Random house
_c
1971
090
_c
22679
_d
22679
942
_a
NUST-CAE
_c
M
_c
14090
999
_c
269344
_d
269344